000 00910cab a2200217 4500
001 ##L133768
008 060608n2006 000 0 eng u
035 _a(Sirsi) u133768
041 0 _aeng
100 1 _aCunningham, Daniel
245 0 0 _aFocus two
_bNorthern Ireland
260 _c2006
490 0 _aEstates Gazette
_v(0622) 3 June 2006, 141-155(10)
520 _aCovers the regeneration of Belfast's North East Quarter and the government's domination of the Belfast office market causing an obstacle to activity. Reports on Northern Ireland's profitable commercial property investment market and the challenges facing the Province's licensed trade from a smoking ban and changes to licensing.
590 _aIKA200606
651 4 _aNORTHERN IRELAND
690 _aPROPERTY-COMMERCIAL PROPERTY-COMMERCIAL PROPERTY MARKET
700 1 _aKivlehan, Noella Pio
700 1 _aBuckley, Donal
942 _n0
999 _c77198
_d77198